Knihovny a studijní centra

Hlavní autor: Edwards, Brian, 1944-
Další autoři: Fisher, Biddy, Všetečková, Alena, 1972-
Jazyk: Čeština
Vydáno: Havlíčkův Brod : Krajská knihovna Vysočiny, 2006
Vydání: 1. vyd
Fyzický popis: 1 elektronický optický disk ; 12 cm
Elektronické zdroje
Uloženo v:
LEADER 00823nmm a2200229 a 4500
001 000829475
003 CZ BrMZK
005 20220926140052.0
008 061019s2006 xr f d |||||||cze d
040 |a BOA001  |b cze 
041 1 |a cze  |h eng 
100 1 |a Edwards, Brian,  |d 1944-  |7 xx0049556  |4 aut 
245 0 0 |a Knihovny a studijní centra  |h [elektronický zdroj] :  |c Brian Edwards, Biddy Fisher ; z angličtiny přeložila Alena Všetečková 
246 3 1 |a Libraries and Learning Resource Centre 
250 |a 1. vyd 
256 |a textová data 
260 |a Havlíčkův Brod :  |b Krajská knihovna Vysočiny,  |c 2006 
300 |a 1 elektronický optický disk ;  |c 12 cm 
538 |a požadavky na systém: nedefinováno 
700 1 |a Fisher, Biddy  |7 xx0058721  |4 aut 
700 1 |a Všetečková, Alena,  |d 1972-  |7 jx20100426010  |4 trl 
990 |a CF